Diritto vivente Il ruolo innovativo della giurisprudenza /

Detalles Bibliográficos
Autor principal: Mariani Marini, Alarico
Otros Autores: Cerri, David
Formato: eBook
Lenguaje:italiano
Publicado: Pisa : Edizioni PLUS, 2007
Materias:
Acceso en línea:Acceso restringido

MARC

LEADER 00000nam a22000007a 4500
005 20110923101027.0
008 110923s2007 it |||||s|||| 00| 0 ita d
020 |a 978-88-8492-502-2 
035 |a 4805 
040 |a vLex 
090 |c 2540  |d 2540 
100 1 |a Mariani Marini, Alarico 
245 1 0 |a Diritto vivente  |h [Recurso electrn̤ico] :  |b Il ruolo innovativo della giurisprudenza /  |c Alarico Mariani Marini, David Cerri  
256 |a Servicio en ln̕ea. 
260 |a Pisa :  |b Edizioni PLUS,  |c 2007 
300 |a 1 recurso electrn̤ico 
506 1 |a Contenido solo disponible en los productos indicados  |d vLex Global  |d vLex Global (Academic Edition, excluding Law Schools)  |d vLex Global (U.S. Academic Edition, Law Schools)  |d vLex Global (U.S. Academic Edition, excluding Law Schools)  |d vLex Global (Academic Edition, Law Schools) 
650 0 4 |a Jurisprudencia  |z Italia 
700 1 |a Cerri, David 
740 0 |a vLex Libros (Servicio en ln̕ea) 
856 4 0 |u http://vlex.com/source/diritto-vivente-ruolo-innovativo-giurisprudenza-4805  |z Acceso restringido 
942 |c BOOK